Nádory varlat / Zdeněk Dienstbier
Record details
- ISBN: 80-239-3629-8
- Physical Description: 8 s. : il. ; 21 cm
- Publisher: Praha : Liga proti rakovině, [2000?]
Search for related items by subject
| Subject: | rakovina varlat testis cancer |
| Genre: | informační publikace information publications |
Available copies
- 1 of 1 copy available at Common Catalog SPOK.
Holds
- 0 current holds with 1 total copy.
Show All Copies
| Location | Call Number / Copy Notes | Barcode | Shelving Location | Status | Due Date |
|---|---|---|---|---|---|
| Hospic Dobrého Pastýře | PA
Tematická katagorie: Odborná - paliativní péče (PA) |
204595701919 | Skříň ve 2. patře (SKŘ) | Available | - |
| LDR | 00988nam a2200301 a 4500 | ||
|---|---|---|---|
| 001 | 30101 | ||
| 003 | CZ-PrJAB | ||
| 005 | 20180305133650.0 | ||
| 007 | ta | ||
| 008 | 040929s2000 xr a e f 000 0 cze | ||
| 015 | . | ‡acnb001413374 | |
| 020 | . | ‡a80-239-3629-8 ‡q(v knize neuvedeno ; ‡qbrož.) : ‡cneprodejné | |
| 035 | . | ‡a(CZ PrNK)cpk20041413374 | |
| 040 | . | ‡aABA001 ‡bcze | |
| 072 | 7. | ‡a616 ‡xPatologie. Klinická medicína ‡2Konspekt ‡914 | |
| 080 | . | ‡a616.681-006.04 ‡2MRF | |
| 080 | . | ‡a(036) ‡2MRF | |
| 100 | 1 | . | ‡aDienstbier, Zdeněk, ‡d1926-2012 ‡7jk01022262 ‡4aut |
| 245 | 1 | 0. | ‡aNádory varlat / ‡cZdeněk Dienstbier |
| 260 | . | ‡aPraha : ‡bLiga proti rakovině, ‡c[2000?] | |
| 300 | . | ‡a8 s. : ‡bil. ; ‡c21 cm | |
| 650 | 0 | 7. | ‡arakovina varlat ‡7ph135807 ‡2czenas |
| 650 | 0 | 9. | ‡atestis cancer ‡2eczenas |
| 655 | 7. | ‡ainformační publikace ‡7fd132454 ‡2czenas | |
| 655 | 9. | ‡ainformation publications ‡2eczenas | |
| 910 | . | ‡aBNE702 | |
| 901 | . | ‡a30101 ‡b ‡c30101 ‡tbiblio | |